| 000 | 00474nam a22001817a 4500 | ||
|---|---|---|---|
| 003 | 0 | ||
| 005 | 20231204150842.0 | ||
| 008 | 231204b xxu||||| |||| 00| 0 eng d | ||
| 020 | _a978-0-486-41410-2 | ||
| 050 |
_aCL _bWhi615 2001 |
||
| 082 |
_aCL _bWhi615 2001 |
||
| 100 | _aWhitman, Walt | ||
| 245 |
_aSong of myself _cWalt Whitman |
||
| 260 |
_aNew York _bDover Publications _cc2001. |
||
| 300 |
_a54 pages ; _c21 cm. |
||
| 650 | _aClassic stories. | ||
| 942 |
_2lcc _cBK |
||
| 999 |
_c365701 _d365701 |
||